000 00285nam a22001337a 4500
008 170919b xxu||||| |||| 00| 0 eng d
020 _a9780764532719
041 _aeng
080 _22ND
_a77
100 _a44
101 _aART
245 _aPHOTOSHOP
_cCLELLAND,D.M
942 _2udc
_cBK
999 _c28178
_d28178